Principles of trauma therapy : (Record no. 2441)

000 -LEADER
fixed length control field 01726cam a2200325 a 4500
001 - CONTROL NUMBER
control field 17347205
003 - CONTROL NUMBER IDENTIFIER
control field OSt
005 - DATE AND TIME OF LATEST TRANSACTION
control field 20180117085941.0
008 - FIXED-LENGTH DATA ELEMENTS--GENERAL INFORMATION
fixed length control field 120614s2013 caua b 001 0 eng
010 ## - LIBRARY OF CONGRESS CONTROL NUMBER
LC control number 2012017337
020 ## - INTERNATIONAL STANDARD BOOK NUMBER
International Standard Book Number 9781412981439 (pbk.)
040 ## - CATALOGING SOURCE
Original cataloging agency DLC
Transcribing agency DLC
Modifying agency DLC
042 ## - AUTHENTICATION CODE
Authentication code pcc
050 00 - LIBRARY OF CONGRESS CALL NUMBER
Classification number RC552.P67
Item number B7495 2013
082 00 - DEWEY DECIMAL CLASSIFICATION NUMBER
Classification number 616.85/21
Edition number 23
100 1# - MAIN ENTRY--PERSONAL NAME
Personal name Briere, John.
245 10 - TITLE STATEMENT
Title Principles of trauma therapy :
Remainder of title a guide to symptoms, evaluation, and treatment /
Statement of responsibility, etc. John Briere, Catherine Scott.
250 ## - EDITION STATEMENT
Edition statement 2nd ed.
260 ## - PUBLICATION, DISTRIBUTION, ETC.
Place of publication, distribution, etc. Los Angeles :
Name of publisher, distributor, etc. Sage Publications,
Date of publication, distribution, etc. c2013.
300 ## - PHYSICAL DESCRIPTION
Extent vii, 372 p. :
Other physical details ill. ;
Dimensions 26 cm.
504 ## - BIBLIOGRAPHY, ETC. NOTE
Bibliography, etc. note Includes bibliographical references (p. 305-362) and index.
505 0# - FORMATTED CONTENTS NOTE
Formatted contents note Pt. 1. Trauma, effects, and assessment -- What is trauma? -- The effects of trauma -- Assessing trauma and posttraumatic outcomes -- Pt. 2. Clinical interventions -- Central issues in trauma treatment -- Psychoeducation -- Distress reduction and affect regulation training -- Cognitive interventions -- Emotional processing -- Increasing identity and relational functioning -- Mindfulness in trauma treatment -- Treating the effects of acute trauma -- Psychobiology and psychopharmacology of trauma -- Conclusions.
650 #0 - SUBJECT ADDED ENTRY--TOPICAL TERM
Topical term or geographic name entry element Post-traumatic stress disorder
General subdivision Treatment.
650 #0 - SUBJECT ADDED ENTRY--TOPICAL TERM
Topical term or geographic name entry element Psychic trauma
General subdivision Treatment.
700 1# - ADDED ENTRY--PERSONAL NAME
Personal name Scott, Catherine,
Dates associated with a name 1968-
906 ## - LOCAL DATA ELEMENT F, LDF (RLIN)
a 7
b cbc
c orignew
d 1
e ecip
f 20
g y-gencatlg
942 ## - ADDED ENTRY ELEMENTS (KOHA)
Source of classification or shelving scheme
Koha item type Book
Holdings
Withdrawn status Lost status Source of classification or shelving scheme Damaged status Not for loan Collection code Permanent Location Current Location Shelving location Date acquired Total Checkouts Full call number Barcode Date last seen Price effective from Koha item type
            Central Library (CL) Central Library (CL) General Stacks 06/29/2015   616.85/21BRI S3H-S-3 12/17/2024 06/29/2015 Book
© 2023 Central Library, National University of Sciences and Technology. All Rights Reserved.